[Event "POL-ch U10"]
[Site "Sielpia"]
[Date "2023.03.06"]
[Round "3"]
[White "Ford, Nikodem"]
[Black "Sulek, Grzegorz"]
[Result "1-0"]
[WhiteElo "1134"]
[BlackElo "1029"]
[PlyCount "121"]
[EventDate "2023.03.04"]
[EventType "swiss"]
[EventRounds "9"]
[EventCountry "POL"]
[SourceTitle "EXT 2024"]
[Source "ChessBase"]
[SourceDate "2023.10.10"]
[SourceVersion "1"]
[SourceVersionDate "2023.10.10"]
[SourceQuality "1"]
[WhiteTeam "Poland"]
[BlackTeam "Poland"]
[WhiteTeamCountry "POL"]
[BlackTeamCountry "POL"]

1. e4 c5 2. Nf3 e6 3. d4 cxd4 4. Nxd4 a6 5. Bd3 Nf6 6. 0-0 d6 7. Qe2 Qc7 8. c4 b6 9. Nc3 Bb7 10. f4 Nbd7 11. Bd2 Be7 12. Rae1 Nc5 13. Bc2 0-0 14. Nf3 e5 15. f5 Bc6 16. Kh1 Qb7 17. Rg1 b5 18. b4 Ncd7 19. cxb5 Bxb5 20. Nxb5 Qxb5 21. Bd3 Qc6 22. g4 d5 23. exd5 Qxd5 24. g5 e4 25. gxf6 exf3 26. Be4 Nxf6 27. Bxd5 fxe2 28. Bxa8 Rxa8 29. Rxe2 Nd5 30. Rge1 Kf8 31. a3 a5 32. bxa5 Bxa3 33. Ra1 Be7 34. a6 Bf6 35. Ra5 Nb6 36. Bb4+ Kg8 37. Bc5 Nd7 38. a7 h6 39. Bg1 Bd8 40. Re8+ Kh7 41. Rxd8 Rxd8 42. a8Q Rxa8 43. Rxa8 Nf6 44. Rf8 Nh5 45. Rxf7 Nf6 46. Bd4 Nh5 47. Rf8 Nf4 48. Rf7 Nh5 49. h4 Kg8 50. Ra7 Kh8 51. Kg2 Kg8 52. Kf3 Kh8 53. Kg4 Nf6+ 54. Bxf6 gxf6 55. Kh5 Kg8 56. Kxh6 Kf8 57. Kg6 Ke8 58. h5 Kf8 59. h6 Ke8 60. h7 Kf8 61. h8R# 1-0